000 00803cam a2200253 4500
001 E10161
008 000000n 000 0 eng u
035 _a(Sirsi) u113216
041 _aeng
050 _a333.0062
100 _aWhite, R.I.K.
245 _aSurveyors in Scotland: a measure of history
260 _aEdinburgh
_bRICS
_c[1997]
300 _a27p. ; 21cm.
520 _aBooklet giving information about the Institution's origins in Scotland, brought out to commemorate the Centenary of the RICS in Scotland (1897-1997)
650 _aHISTORY
650 _aRICS
650 _aROYAL INSTITUTION OF CHARTERED SURVEYORS
650 _aSCOTLAND
650 _aSURVEYING PROFESSION
650 _aSURVEYORS
690 _aMANAGEMENT-BUSINESS MANAGEMENT-PROFESSIONAL PRACTICE
942 _n0
999 _c101509
_d101509